| 000 | 00766nam a2200217 a 4500 | ||
|---|---|---|---|
| 005 | 20140310183623.0 | ||
| 008 | 120906s19uu xx 00 eng d | ||
| 020 | _a9781849801454 | ||
| 050 |
_aHB 615 _b.D465 2010 |
||
| 100 | _aBill, Frederic | ||
| 245 |
_a(De)mobilizing the entrepreneurship discourse : _bexploring entrepreneurial thinking and action / _cedited by Frederic Bill, BjOorn Bjerke, Anders W. Johannsson. |
||
| 260 |
_aCheltenham, UK ; Northampton, MA : _bEdward Elgar, _c2010. |
||
| 300 |
_a250 p. : _c25 cm. |
||
| 500 | _aIncludes bibliographical references (p. 223-248) and index. | ||
| 521 | _aBSBA | ||
| 650 | _aEntrepreneurship | ||
| 700 | _aBjerke, Bjorn | ||
| 700 | _aJohannsson, Anders W. | ||
| 942 |
_cBK _2lcc _kFOR |
||
| 999 |
_c25443 _d25443 |
||